00235nam a2200121Ia 4500100001900000650000800019250000600027366000700033245003000040260002300070082000800093546001200101 aKani/Nagoor A  aDSP a2 f20 aDigital signal processing bMc Graw Hillc2012 bKAN aENGLISH